Social capital and entrepreneurial outcomes: evidence form informal sector entrepreneurs in Ethiopia/ (Record no. 361446)
[ view plain ]
| 000 -LEADER | |
|---|---|
| fixed length control field | 00590nam a2200181Ia 4500 |
| 008 - FIXED-LENGTH DATA ELEMENTS--GENERAL INFORMATION | |
| fixed length control field | 190422s9999 xx 000 0 und d |
| 100 ## - MAIN ENTRY--PERSONAL NAME | |
| Personal name | Kebede, Getahun Fenta |
| 245 ## - TITLE STATEMENT | |
| Title | Social capital and entrepreneurial outcomes: evidence form informal sector entrepreneurs in Ethiopia/ |
| 245 ## - TITLE STATEMENT | |
| Statement of responsibility, etc | Getahun Fenta Kebede.-- |
| 260 ## - PUBLICATION, DISTRIBUTION, ETC. (IMPRINT) | |
| Name of publisher, distributor, etc | Sage |
| 260 ## - PUBLICATION, DISTRIBUTION, ETC. (IMPRINT) | |
| Date of publication, distribution, etc | 2018 |
| 300 ## - PHYSICAL DESCRIPTION | |
| Extent | pages 209-242, September 2018 |
| 440 ## - SERIES STATEMENT/ADDED ENTRY--TITLE | |
| Title | The Journal of ENTREPRENEURSHIP |
| Volume number/sequential designation | 27(2) |
| 650 ## - SUBJECT ADDED ENTRY--TOPICAL TERM | |
| Topical term or geographic name as entry element | Entrepreneurial Outcome |
| 650 ## - SUBJECT ADDED ENTRY--TOPICAL TERM | |
| Topical term or geographic name as entry element | Entrepreneurs |
| 650 ## - SUBJECT ADDED ENTRY--TOPICAL TERM | |
| Topical term or geographic name as entry element | Social Capital |
| 650 ## - SUBJECT ADDED ENTRY--TOPICAL TERM | |
| Topical term or geographic name as entry element | Social Network Analysis |
No items available.